Quiz - Aya Nakamura - Statistiques

Statistiques générales
  • Ce quiz a été pris 357 fois
  • Le résultat moyen est 7 sur 10
Statistiques - réponses
Questions Réponses % Correct
Combien d’enfants a-t-elle? 2
94%
Dans quelle émission sur Netflix va-t-elle participer? Nouvelle école
85%
Quel mot en argot signifiant “poucave” ou “balance” est l’intitulé d’un de ses titres? Pookie
84%
De quelle origine est-elle? Malienne
81%
En quelle année est elle née? 1995
71%
Comment s’appelle son premier album? Journal intime
64%
Pour quelle marque devient elle l’égérie en 2023? Lancôme
61%
Finissez cette phrase: “Un tas d’ennemis… Mais jles connais même pas
51%
Avec qui chante-elle le titre: “Hypé” Ayra Starr
50%
Quel est chanson est le premier single de son dernier album? Baby
41%
Aucun quiz correspondant
Distribution des résultats
% des personnes avec chaque résultat
Percentile par nombre de réponses
Votre historique - résultats
Vous n’avez pas pris ce quiz